000
00320nam a22001337a 4500
003
SGT
082
_a
615.532
_b
E14K
100
_a
KISHORE, JUGAL
245
_a
EVOLUTION OF HOMEOPATHIC REPERFORIES AND REPERTORISATION
260
_a
INDIA
_b
B. JAIN PUB
_c
2014
300
_a
430
650
_a
HOMOEOPATHIC
942
_2
ddc
_c
BK
999
_c
18624
_d
18624